000 00774cam a22002537a 4500
003 CHAP
005 20220329133911.0
008 971013s1968 r 00010 d
010 _a12475
011 _a13447
035 _a17518
040 _cCHAP
082 _a634.9285
_bC38
100 0 0 _aCarron, L. T.
_919589
245 1 3 _aAn outline of forest mensuration
_b: with special reference to Australia
260 _aCanberra :
_bAustralian National University Press,
_c1968
300 _a224 p.
590 _aBATCH-UPD
_b10
_c20130110
_lUCH01
_h1743
590 _aCONVERSION
_b10
_c20130109
_lUCH01
_h1308
650 1 4 _aBosques
_xInventarios.
_914240
901 _aBK
942 _cLIBRO
949 _a634.9285 C38
_bBC
_cLIBRO
_d33724000247169
_eLIBRO
_h15379
_i17518
_mD
_si
_t87.00
999 _c12475
_d12475